| 000 | 00838nam a2200265 i 4500 | ||
|---|---|---|---|
| 001 | 7596 | ||
| 003 | ES-MaACL | ||
| 005 | 20240222110944.0 | ||
| 007 | t| | ||
| 008 | 910306s1990 sp |||| | spa d | ||
| 020 | _a84-206-2662-7 | ||
| 080 | _a343.54/55(46)"16" | ||
| 080 | _a392.6(46)"16" | ||
| 080 | _a176(46)"16" | ||
| 245 | 0 | 0 |
_aSexo barroco y otras transgresiones premodernas / _cF. Tomás y Valiente ... [et al.]. |
| 260 |
_aMadrid : _bAlianza, _c[1990] |
||
| 300 |
_a213 p. ; _c20 cm. |
||
| 490 | 1 |
_aAlianza universidad ; _v662 |
|
| 650 | 4 |
_aDelitos sexuales- _zEspaña- _yS.XVII. _911564 |
|
| 650 | 1 | 4 |
_aPecado- _zEspaña- _yS.XVII. _915901 |
| 700 | 0 |
_aTomás y Valiente, Francisco, _d1932-1996 _9110535 |
|
| 830 | 0 |
_aAlianza universidad ; _v662 _9177276 |
|
| 852 |
_aES-MaACL _jL-14844 _z- rust. |
||
| 999 |
_c7596 _d7596 |
||